[Event "Fast Ladder"]
[Site "http://gameknot.com/chess.pl?"]
[Date "2011.06.09"]
[Round "?"]
[White "Locathah"]
[Black "Aboveoeuf"]
[Result "0-1"]
[WhiteElo "2073"]
[BlackElo "2332"]
[PlyCount "94"]
[EventDate "2011.??.??"]
[SourceTitle "OM Portal C 201906"]
[Source "Opening Master"]
[SourceDate "2019.06.27"]
[SourceVersion "1"]
[SourceVersionDate "2019.06.27"]
[SourceQuality "1"]

1. e4 e5 2. Nf3 Nc6 3. c3 d5 4. Qa4 Nf6 5. Nxe5 Bd6 6. Nxc6 bxc6 7. d4 Nxe4 8.
Qxc6+ Bd7 9. Qxd5 O-O 10. Be2 Qh4 11. Be3 Rab8 12. b3 Rfe8 13. Qh5 Qe7 14. Qf3
Bc6 15. Bc4 Nxf2 16. Qxf7+ Qxf7 17. Bxf7+ Kxf7 18. Kxf2 Bxg2 19. Re1 Ba8 20.
Nd2 Rb5 21. h4 Rf5+ 22. Ke2 Rh5 23. Nf3 Kg8 24. c4 Rf5 25. d5 c6 26. Nd4 Rfe5
27. Kd3 cxd5 28. Bf2 dxc4+ 29. bxc4 Be4+ 30. Kc3 a5 31. a3 Rc8 32. Nb3 Bd5 33.
Nxa5 Rf5 34. Bb6 Rf3+ 35. Kd4 Bf7 36. c5 Bg3 37. Rf1 Bf2+ 38. Rxf2 Rxf2 39. Nb7
Rf4+ 40. Ke5 Rxh4 41. Nd6 Rh5+ 42. Kd4 Ra8 43. a4 Bd5 44. a5 Rf8 45. Re1 Rf4+
46. Kc3 Rh3+ 47. Kd2 g5 0-1

[Event "OP-2011-0-01577"]
[Site "Lechenicher SchachServer"]
[Date "2011.06.06"]
[Round "?"]
[White "Segovia, Didier"]
[Black "Dixon, Grant"]
[Result "1-0"]
[WhiteElo "533"]
[BlackElo "423"]
[PlyCount "51"]
[EventDate "2011.06.03"]

1. e4 e5 2. Nf3 Nc6 3. c3 Nh6 4. d4 exd4 5. cxd4 Qe7 6. e5 d6 7. Bb5 Bd7 8. O-O
O-O-O 9. Bxh6 gxh6 10. Nc3 a6 11. Nd5 Qe6 12. Bxc6 Bxc6 13. Nf4 Qf5 14. g3 Bb5
15. Re1 h5 16. a4 Bd7 17. b4 Bh6 18. Nd5 Qh3 19. Nh4 Bg4 20. Qc2 c6 21. b5 Bg5
22. bxc6 Kb8 23. cxb7 Bxh4 24. Qc7+ Ka7 25. Qb6+ Kb8 26. Qxa6 1-0

[Event "FRA-chT Top 12"]
[Site "Mulhouse"]
[Date "2011.06.05"]
[Round "11.4"]
[White "Paci, Cedric"]
[Black "Clery, Nicolas"]
[Result "0-1"]
[WhiteElo "2389"]
[BlackElo "2396"]
[PlyCount "78"]
[EventDate "2011.05.26"]
[EventType "team-tourn"]
[EventRounds "11"]
[EventCountry "FRA"]
[SourceTitle "CBM 142 Extra"]
[Source "ChessBase"]
[SourceDate "2011.06.27"]
[SourceVersion "1"]
[SourceVersionDate "2011.06.27"]
[SourceQuality "1"]
[WhiteTeam "Vandoeuvre"]
[BlackTeam "Noyon"]
[WhiteTeamCountry "FRA"]
[BlackTeamCountry "FRA"]

1. e4 e5 2. Nf3 Nc6 3. c3 Nf6 4. d4 Nxe4 5. d5 Ne7 6. Nxe5 Ng6 7. Nxg6 hxg6 8.
Bd3 Nf6 9. Qf3 Rh5 10. c4 Bb4+ 11. Nc3 d6 12. Bf4 Bxc3+ 13. bxc3 Bg4 14. Qe3+
Qe7 15. O-O Qxe3 16. Bxe3 b6 17. f3 Bf5 18. Be2 Rh8 19. g4 Bd7 20. Bd4 O-O-O
21. g5 Nh5 22. f4 Rde8 23. Bxh5 Rxh5 24. Rae1 Rh7 25. Rxe8+ Bxe8 26. Re1 Kd8
27. Kg2 Bd7 28. Re3 Bc8 29. Kg3 Rh3+ 30. Kf2 Rxh2+ 31. Kf3 Ba6 32. Bxg7 Bxc4
33. Ke4 Bxa2 34. Bd4 a5 35. Re1 Kc8 36. Rc1 Bc4 37. Be3 Rh3 38. Re1 a4 39. Kd4
b5 0-1

[Event "Main Vogelsberg op 6th"]
[Site "Hanau"]
[Date "2011.06.05"]
[Round "7"]
[White "Blosze, Winfried"]
[Black "Slobodetski, Oleg"]
[Result "1/2-1/2"]
[WhiteElo "1716"]
[BlackElo "1352"]
[PlyCount "52"]
[EventDate "2011.06.02"]
[EventType "swiss"]
[EventRounds "7"]
[EventCountry "GER"]
[SourceTitle "CBM 142 Extra"]
[Source "ChessBase"]
[SourceDate "2011.06.27"]
[SourceVersion "1"]
[SourceVersionDate "2011.06.27"]
[SourceQuality "1"]

1. e4 e5 2. Nf3 Nc6 3. c3 d5 4. Qa4 dxe4 5. Nxe5 Qd5 6. Nxc6 bxc6 7. Bc4 Qd6 8.
b3 Nf6 9. Ba3 Qd7 10. Bxf8 Kxf8 11. Na3 g6 12. O-O-O Kg7 13. h3 Qd6 14. Nc2 c5
15. Be2 Bd7 16. Qa5 Rhe8 17. Ne3 Qb6 18. Qa3 Bb5 19. c4 Bc6 20. g4 Nd7 21. Rhg1
Ne5 22. d3 a5 23. dxe4 Bxe4 24. Qb2 Kg8 25. Nd5 Bxd5 26. Rxd5 Nc6 1/2-1/2

[Event "Bisaccia op 3rd"]
[Site "Bisaccia"]
[Date "2011.06.05"]
[Round "6"]
[White "Vena, Antonio"]
[Black "Cannavacciuolo, Domenico"]
[Result "1-0"]
[WhiteElo "1774"]
[BlackElo "1448"]
[PlyCount "21"]
[EventDate "2011.06.08"]
[EventType "swiss"]
[EventRounds "7"]
[EventCountry "ITA"]
[SourceTitle "EXT 2014"]
[Source "ChessBase"]
[SourceDate "2013.11.20"]
[SourceVersion "1"]
[SourceVersionDate "2013.11.20"]
[SourceQuality "1"]

1. e4 e5 2. Nf3 Nc6 3. c3 d6 4. d4 Bg4 5. Bb5 Bxf3 6. Qxf3 a6 7. Ba4 b5 8. Bb3
Qf6 9. Bd5 Kd7 10. Qg4+ Ke8 11. Bxc6+ 1-0

[Event "Llinars del Valles op-A 5th"]
[Site "Llinars del Valles"]
[Date "2011.06.04"]
[Round "7"]
[White "Porta Tovar, Oriol"]
[Black "Corrales Adamuz, Cristian"]
[Result "0-1"]
[WhiteElo "1673"]
[BlackElo "1883"]
[PlyCount "38"]
[EventDate "2011.04.30"]
[EventType "swiss"]
[EventRounds "7"]
[EventCountry "ESP"]
[SourceTitle "EXT 2012"]
[Source "ChessBase"]
[SourceDate "2011.11.24"]
[SourceVersion "1"]
[SourceVersionDate "2011.11.24"]
[SourceQuality "1"]

1. e4 e5 2. Nf3 Nc6 3. c3 Nf6 4. d4 exd4 5. e5 Qe7 6. cxd4 Nd5 7. Bd2 f6 8. Bb5
fxe5 9. O-O e4 10. Re1 Nf6 11. Nc3 d5 12. Bg5 Qd6 13. Ne5 Be7 14. Bxf6 Bxf6 15.
Qh5+ g6 16. Nxg6 hxg6 17. Qxg6+ Kd8 18. Nxd5 Nxd4 19. Nxf6 Qxh2+ 0-1

[Event "II TORNEIG OBERT "]
[Site "Mollet del Vallčs (Spain)"]
[Date "2011.06.04"]
[Round "6.1"]
[White "Liarte Genoves, Sergi"]
[Black "Ruiz Alba, Daniel"]
[Result "1-0"]
[WhiteElo "1733"]
[BlackElo "1783"]
[PlyCount "55"]
[EventDate "2011.04.30"]
[EventRounds "8"]
[EventCountry "ESP"]
[SourceTitle "OM OTB B 201907"]
[Source "Opening Master"]
[SourceDate "2019.07.06"]
[SourceVersion "2"]
[SourceVersionDate "2019.07.06"]
[SourceQuality "1"]

1. e4 e5 2. Nf3 Nc6 3. c3 Nf6 4. d4 exd4 5. e5 Nd5 6. cxd4 Be7 7. Nc3 Nxc3 8.
bxc3 d5 9. Bb5 O-O 10. O-O a6 11. Bd3 Bg4 12. Qe2 f6 13. exf6 Rxf6 14. Bxh7+
Kh8 15. Bg5 Bxf3 16. gxf3 Kxh7 17. Bxf6 Bxf6 18. Qe6 Be7 19. Kh1 Qd6 20. Qf5+
Kg8 21. Rg1 Rf8 22. Rxg7+ Kxg7 23. Rg1+ Bg5 24. Rxg5+ Kh6 25. Rh5+ Kg7 26. Qh7+
Kf6 27. Rh6+ Kg5 28. Qg7+ 1-0

[Event "Bargteheide op"]
[Site "Bargteheide"]
[Date "2011.06.02"]
[Round "2"]
[White "Wollenweber, Carsten"]
[Black "Bodnar, Alexander"]
[Result "0-1"]
[WhiteElo "2130"]
[BlackElo "2301"]
[PlyCount "56"]
[EventDate "2011.06.02"]
[EventType "swiss"]
[EventRounds "7"]
[EventCountry "GER"]
[SourceTitle "CBM 142 Extra"]
[Source "ChessBase"]
[SourceDate "2011.06.27"]
[SourceVersion "1"]
[SourceVersionDate "2011.06.27"]
[SourceQuality "1"]

1. e4 e5 2. Nf3 Nc6 3. c3 d5 4. Qa4 dxe4 5. Nxe5 Qd5 6. Nxc6 bxc6 7. Bc4 Qd7 8.
O-O Nf6 9. Re1 Be7 10. d3 exd3 11. Bg5 O-O 12. Nd2 h6 13. Bh4 Bd8 14. Nf3 Ng4
15. Bg3 Rb8 16. h3 Nf6 17. Ne5 Qf5 18. Bxd3 Qh5 19. Qa3 Rb6 20. Rad1 Nd5 21.
Be2 Qg5 22. Bf3 Be7 23. Qxa7 Bc5 24. b4 Bd6 25. Bxd5 cxd5 26. Rxd5 Be6 27. Nf3
Qxd5 28. Bxd6 Qxd6 0-1

[Event "Orlova op"]
[Site "Orlova"]
[Date "2011.05.29"]
[Round "9"]
[White "Reznicek, Marcel"]
[Black "Folwarczny, Marek"]
[Result "1-0"]
[WhiteElo "2081"]
[BlackElo "1605"]
[PlyCount "142"]
[EventDate "2011.05.21"]
[EventType "swiss"]
[EventRounds "9"]
[EventCountry "CZE"]
[SourceTitle "CBM 142 Extra"]
[Source "ChessBase"]
[SourceDate "2011.06.27"]
[SourceVersion "1"]
[SourceVersionDate "2011.06.27"]
[SourceQuality "1"]

1. e4 e5 2. Nf3 Nc6 3. c3 g6 4. Bc4 d6 5. d3 Be6 6. Bxe6 fxe6 7. Qb3 Qc8 8. Ng5
Nd8 9. h4 Nf6 10. Be3 h6 11. Nf3 Qd7 12. Nbd2 Ng4 13. O-O-O b6 14. Nc4 Nc6 15.
d4 exd4 16. Nxd4 O-O-O 17. Qb5 Nxd4 18. Qa6+ Kb8 19. Bxd4 Bg7 20. f3 Bxd4 21.
Rxd4 Nf6 22. Rhd1 Qc8 23. Qa3 e5 24. R4d2 g5 25. b4 g4 26. b5 gxf3 27. gxf3 Nh5
28. Ne3 Nf4 29. Nc2 Ng6 30. Nb4 Ne7 31. c4 Rhf8 32. Rb2 Rf6 33. Kb1 c5 34. bxc6
Nxc6 35. Nd5 Re6 36. Rb3 Rd7 37. Rc1 Nd4 38. Rb2 Qc5 39. Qa4 Qc6 40. Qa3 Qc5
41. Nb4 Ka8 42. Qa4 Ree7 43. Nd5 Kb7 44. Rb5 Qc6 45. Nb4 Qc8 46. Nd5 Rf7 47. f4
Nxb5 48. cxb5 Qe8 49. f5 Rd8 50. Qa6+ Kb8 51. Nb4 Rc8 52. Nc6+ Ka8 53. Qa3 Rd7
54. Rd1 Qg8 55. Qd3 Rcc7 56. a4 a5 57. Kb2 Qg4 58. Qd5 Rb7 59. f6 Qg6 60. h5
Qf7 61. Qxf7 Rxf7 62. Rxd6 Rbd7 63. Rxd7 Rxd7 64. Nxe5 Rd2+ 65. Kc3 Rf2 66. Ng4
Rf4 67. e5 Kb7 68. Nxh6 Kc7 69. Nf7 Kd7 70. Ng5 Rf5 71. e6+ Ke8 1-0

[Event "Zalakaros op 30th"]
[Site "Zalakaros"]
[Date "2011.05.27"]
[Round "8"]
[White "Csonka, Attila Istvan"]
[Black "Csonka, Balazs"]
[Result "1/2-1/2"]
[WhiteElo "2409"]
[BlackElo "2232"]
[PlyCount "84"]
[EventDate "2011.05.20"]
[EventType "swiss"]
[EventRounds "9"]
[EventCountry "HUN"]
[SourceTitle "CBM 142 Extra"]
[Source "ChessBase"]
[SourceDate "2011.06.27"]
[SourceVersion "1"]
[SourceVersionDate "2011.06.27"]
[SourceQuality "1"]

1. e4 e5 2. Nf3 Nc6 3. c3 Nf6 4. d4 Nxe4 5. d5 Ne7 6. Nxe5 Ng6 7. Nc4 Bc5 8.
Be3 Bxe3 9. Nxe3 O-O 10. Nd2 Nxd2 11. Qxd2 d6 12. O-O-O Re8 13. g3 a5 14. f4
Rb8 15. h4 b5 16. h5 Nf8 17. h6 g6 18. Qd4 f6 19. Bd3 Nd7 20. Rde1 Nc5 21. Bc2
b4 22. f5 b3 23. axb3 Bxf5 24. Nxf5 gxf5 25. b4 axb4 26. cxb4 Re4 27. Rxe4 Nxe4
28. Rf1 Qf8 29. Bxe4 Qxh6+ 30. Rf4 fxe4 31. Qxe4 Kh8 32. Kb1 Qh5 33. Qd3 Qe8
34. Rh4 Qe7 35. Re4 Qg7 36. Re6 Rxb4 37. Qc3 Qg6+ 38. Ka2 Rb8 39. Rxf6 Ra8+ 40.
Kb3 Rb8+ 41. Ka2 Ra8+ 42. Kb3 Rb8+ 1/2-1/2

[Event "grig1958's mini-tournament II"]
[Site "http://gameknot.com/chess.pl?"]
[Date "2011.05.27"]
[Round "?"]
[White "Oregonchessguy"]
[Black "Groeningheknight"]
[Result "1/2-1/2"]
[WhiteElo "2147"]
[BlackElo "2283"]
[PlyCount "90"]
[EventDate "2011.??.??"]
[SourceTitle "OM Portal C 201906"]
[Source "Opening Master"]
[SourceDate "2019.06.27"]
[SourceVersion "1"]
[SourceVersionDate "2019.06.27"]
[SourceQuality "1"]

1. e4 e5 2. Nf3 Nc6 3. c3 Nf6 4. d4 Nxe4 5. d5 Ne7 6. Nxe5 Ng6 7. Qd4 Qf6 8.
Qxe4 Qxe5 9. Qxe5+ Nxe5 10. Nd2 Bc5 11. a4 O-O 12. Be2 Re8 13. O-O Ng6 14. Bc4
a6 15. Nb3 Ne5 16. Be2 Ba7 17. Be3 Bxe3 18. fxe3 d6 19. e4 Bg4 20. Bxg4 Nxg4
21. Nd2 a5 22. Ra3 Re7 23. Rb3 b6 24. c4 Ne5 25. Rf4 Nd7 26. Rbf3 Nc5 27. b3
Rae8 28. Kf2 h5 29. Ke3 g5 30. Rg3 f6 31. Rxf6 Nxe4 32. Nxe4 Rxe4+ 33. Kd3 Kh7
34. Rf5 h4 35. Rgf3 Kg6 36. Rf8 Rxf8 37. Rxf8 Re1 38. Rc8 Rd1+ 39. Ke3 Rb1 40.
Rxc7 Rxb3+ 41. Ke4 h3 42. gxh3 Rxh3 43. Rc6 Rh4+ 44. Kd3 Kf5 45. Rxd6 Rh3+
1/2-1/2

[Event "FICGS__CHESS__RAPID_E__000055"]
[Site "FICGS"]
[Date "2011.05.25"]
[Round "1"]
[White "Melquiades, Jay"]
[Black "Henrion, Yann"]
[Result "0-1"]
[WhiteElo "897"]
[BlackElo "1119"]
[PlyCount "46"]
[EventDate "2011.??.??"]
[EventType "rapid"]

1. e4 e5 2. Nf3 Nc6 3. c3 d6 4. d4 Bg4 5. h3 Bh5 6. g4 Bg6 7. Bd3 Nf6 8. dxe5
dxe5 9. Bg5 Be7 10. Nbd2 h6 11. Bb5 Qd7 12. Nxe5 Qd6 13. Nec4 Qd7 14. Nb6 axb6
15. e5 Nd5 16. Bxe7 Qxe7 17. Nf3 O-O-O 18. Qa4 Kb8 19. Nd4 Qxe5+ 20. Ne2 Rhe8
21. O-O-O Qg5+ 22. f4 Nxf4 23. Rhe1 Nxe2# 0-1

[Event "FICGS__CHESS__CLASS_F__000097"]
[Site "FICGS"]
[Date "2011.05.25"]
[Round "1"]
[White "Melquiades, Jay"]
[Black "Bearg, Nat"]
[Result "1-0"]
[WhiteElo "897"]
[BlackElo "1086"]
[PlyCount "101"]
[EventDate "2011.??.??"]

1. e4 e5 2. Nf3 Nc6 3. c3 Nf6 4. Bb5 a6 5. Ba4 Nxe4 6. O-O Bc5 7. d4 exd4 8.
Bc2 Qe7 9. Re1 d5 10. Bxe4 dxe4 11. Nxd4 Ne5 12. Rxe4 f6 13. Bf4 Bd6 14. Nd2
Qd7 15. Nc4 Qe7 16. Nxe5 fxe5 17. Bxe5 Bxe5 18. Qa4+ b5 19. Nxb5 axb5 20. Qxa8
Kf7 21. Rae1 Re8 22. Rxe5 Bd7 23. Rxe7+ Rxe7 24. Qf3+ Ke8 25. Qh5+ g6 26. Qd1
c5 27. Rxe7+ Kxe7 28. Qe2+ Be6 29. Qxb5 Kd6 30. Qb6+ Kd5 31. Qd8+ Ke5 32. Qh8+
Kf5 33. Qf8+ Ke5 34. Qxc5+ Bd5 35. Qd4+ Kd6 36. a4 g5 37. a5 Kc6 38. Qb6+ Kd7
39. a6 g4 40. a7 Kc8 41. Qc5+ Kb7 42. Qxd5+ Kxa7 43. b4 Kb6 44. c4 Kc7 45. b5
h6 46. c5 g3 47. Qd6+ Kc8 48. c6 gxh2+ 49. Kxh2 h5 50. b6 h4 51. Qc7# 1-0

[Event "FICGS__CHESS__CLASS_F__000097"]
[Site "FICGS"]
[Date "2011.05.25"]
[Round "1"]
[White "Melquiades, Jay"]
[Black "Martinez, Silvio"]
[Result "0-1"]
[WhiteElo "897"]
[BlackElo "963"]
[PlyCount "52"]
[EventDate "2011.??.??"]

1. e4 e5 2. Nf3 Nc6 3. c3 Nf6 4. d3 d5 5. Bg5 Be7 6. exd5 Nxd5 7. Bxe7 Qxe7 8.
Be2 O-O 9. h4 h6 10. d4 e4 11. Nfd2 b6 12. f3 exf3 13. Nxf3 Nf4 14. O-O Nxe2+
15. Kf2 Re8 16. Qxe2 Qxe2+ 17. Kg1 Ba6 18. Nbd2 Qe3+ 19. Kh1 Bxf1 20. Rxf1 Re6
21. Kh2 Rg6 22. Ng5 hxg5 23. Nf3 g4 24. Ng5 g3+ 25. Kh3 f6 26. Nf3 Qe6# 0-1

[Event "FICGS__CHESS__RAPID_E__000055"]
[Site "FICGS"]
[Date "2011.05.25"]
[Round "1"]
[White "Melquiades, Jay"]
[Black "Martinez, Silvio"]
[Result "0-1"]
[WhiteElo "897"]
[BlackElo "963"]
[PlyCount "64"]
[EventDate "2011.??.??"]
[EventType "rapid"]

1. e4 e5 2. Nf3 Nc6 3. c3 Nf6 4. Bb5 Nxe4 5. O-O Bc5 6. d4 exd4 7. Nbd2 Nxd2 8.
Bxd2 dxc3 9. bxc3 O-O 10. Bc4 d5 11. Be3 Bxe3 12. fxe3 dxc4 13. Qxd8 Rxd8 14.
Nd4 Nxd4 15. cxd4 Be6 16. Rad1 b5 17. e4 c3 18. d5 Bg4 19. Rc1 b4 20. Rf4 Bh5
21. g4 g5 22. Rf5 Bxg4 23. Rxg5+ Kf8 24. Rxg4 a5 25. Rf4 Rd6 26. e5 Rxd5 27. e6
Ke7 28. exf7 Rf8 29. Re1+ Kd8 30. Rfe4 Rxf7 31. Re8+ Kd7 32. Ra8 c2 0-1

[Event "FICGS__CHESS__CLASS_F__000097"]
[Site "FICGS"]
[Date "2011.05.25"]
[Round "1"]
[White "Melquiades, Jay"]
[Black "Häkkinen, Jorma"]
[Result "0-1"]
[WhiteElo "897"]
[BlackElo "1093"]
[PlyCount "72"]
[EventDate "2011.??.??"]

1. e4 e5 2. Nf3 Nc6 3. c3 Nf6 4. d3 g6 5. Bg5 Bg7 6. Nbd2 O-O 7. d4 exd4 8.
Nxd4 Nxd4 9. cxd4 d6 10. e5 dxe5 11. dxe5 Qe8 12. f4 Bg4 13. Be2 Bxe2 14. Qxe2
Nd5 15. O-O-O Qc6+ 16. Kb1 Qb6 17. Nc4 Nc3+ 18. Kc2 Nxe2 19. Nxb6 cxb6 20. Rhe1
Rac8+ 21. Kb1 h6 22. Bh4 Nxf4 23. Rf1 Bxe5 24. Bg3 g5 25. Bxf4 Bxf4 26. g3 Be3
27. Rde1 Rfe8 28. h4 gxh4 29. gxh4 Re4 30. a3 Rce8 31. Rf5 Bc5 32. Rd1 Rxh4 33.
Rd7 Re7 34. Rd8+ Kg7 35. Rxc5 Rh1+ 36. Ka2 bxc5 0-1

[Event "San Francisco TNM Summer op"]
[Site "San Francisco"]
[Date "2011.05.24"]
[Round "1"]
[White "Olson, David L"]
[Black "Todortsev, Victor"]
[Result "0-1"]
[WhiteElo "1430"]
[BlackElo "1937"]
[PlyCount "64"]
[EventDate "2011.05.24"]
[EventType "swiss"]
[EventRounds "8"]
[EventCountry "USA"]
[SourceTitle "EXT 2016"]
[Source "ChessBase"]
[SourceDate "2015.10.10"]
[SourceVersion "1"]
[SourceVersionDate "2015.10.10"]
[SourceQuality "1"]

1. e4 e5 2. Nf3 Nc6 3. c3 Nf6 4. Bb5 Nxe4 5. Bxc6 bxc6 6. Nxe5 Qe7 7. O-O Qxe5
8. Re1 d5 9. d3 Bd6 10. f4 Bc5+ 11. d4 Qe7 12. dxc5 Qxc5+ 13. Be3 Qd6 14. Nd2
f5 15. Nf3 O-O 16. Ne5 Rb8 17. Qc2 c5 18. Rad1 c6 19. b3 Ba6 20. Bc1 Rfd8 21.
Ba3 Rb7 22. c4 d4 23. Rd3 g5 24. g3 gxf4 25. gxf4 Rg7+ 26. Kh1 Kh8 27. Rg1 Rdg8
28. Rxg7 Rxg7 29. Rh3 Qc7 30. Qe2 Qa5 31. Bc1 Qd8 32. Qh5 Nf2# 0-1

[Event "Frankfurt-ch"]
[Site "Frankfurt"]
[Date "2011.05.23"]
[Round "4"]
[White "Glaeser, Michael"]
[Black "Riha, Peter"]
[Result "0-1"]
[WhiteElo "1151"]
[BlackElo "1806"]
[PlyCount "52"]
[EventDate "2011.05.02"]
[EventType "swiss"]
[EventRounds "7"]
[EventCountry "GER"]
[SourceTitle "EXT 2012"]
[Source "ChessBase"]
[SourceDate "2011.11.24"]
[SourceVersion "1"]
[SourceVersionDate "2011.11.24"]
[SourceQuality "1"]

1. e4 e5 2. Nf3 Nc6 3. c3 Nf6 4. d3 d5 5. Bg5 dxe4 6. Bxf6 Qxf6 7. dxe4 Bc5 8.
Nbd2 O-O 9. Be2 Qg6 10. b4 Qxg2 11. bxc5 Qxh1+ 12. Bf1 Bh3 13. Qe2 Bxf1 14.
Qxf1 Qxf1+ 15. Kxf1 Rfd8 16. Nc4 f6 17. Rb1 Rd3 18. Nfd2 b6 19. cxb6 axb6 20.
a3 Rxc3 21. Ra1 Ra4 22. Kg2 Raxc4 23. Nxc4 Rxc4 24. f3 Nd4 25. Rd1 Rc3 26. Rf1
Rxa3 0-1

[Event "Fast Ladder"]
[Site "http://gameknot.com/chess.pl?"]
[Date "2011.05.22"]
[Round "?"]
[White "Locathah"]
[Black "Aboveoeuf"]
[Result "0-1"]
[WhiteElo "2108"]
[BlackElo "2315"]
[PlyCount "34"]
[EventDate "2011.??.??"]
[SourceTitle "OM Portal C 201906"]
[Source "Opening Master"]
[SourceDate "2019.06.27"]
[SourceVersion "1"]
[SourceVersionDate "2019.06.27"]
[SourceQuality "1"]

1. e4 e5 2. Nf3 Nc6 3. c3 d5 4. Qa4 Nf6 5. Nxe5 Bd6 6. Nxc6 bxc6 7. d3 O-O 8.
Be2 Re8 9. Nd2 Bg4 10. f3 Bd7 11. O-O Nh5 12. Rd1 Bxh2+ 13. Kxh2 Qh4+ 14. Kg1
Nf4 15. Bf1 Nh3+ 16. gxh3 Qg3+ 17. Kh1 Re6 0-1

[Event "Copenhagen Chess Challenge"]
[Site "Ballerup"]
[Date "2011.05.21"]
[Round "7"]
[White "Poulsen, Iver"]
[Black "Christensen, Janus"]
[Result "1/2-1/2"]
[WhiteElo "2100"]
[BlackElo "2148"]
[PlyCount "139"]
[EventDate "2011.05.18"]
[EventType "swiss"]
[EventRounds "9"]
[EventCountry "DEN"]
[SourceTitle "OM OTB B 201907"]
[Source "Opening Master"]
[SourceDate "2019.07.06"]
[SourceVersion "2"]
[SourceVersionDate "2019.07.06"]
[SourceQuality "1"]

1. e4 e5 2. Nf3 Nc6 3. c3 f5 4. d4 exd4 5. e5 d6 6. Bb5 dxe5 7. Nxe5 Qd5 8.
Bxc6+ bxc6 9. O-O Nf6 10. Re1 Be6 11. cxd4 Bb4 12. Nc3 Bxc3 13. bxc3 O-O 14. c4
Qd6 15. Bf4 Rfe8 16. Qf3 Qxd4 17. Rad1 Qc5 18. Qxc6 Qxc6 19. Nxc6 Bxc4 20. Bxc7
Nd5 21. Bd6 Nc3 22. Ra1 Ne2+ 23. Kh1 Re6 24. Na5 Bd5 25. a3 Rae8 26. Bb4 Nf4
27. f3 Re2 28. Rad1 g5 29. h3 Rxe1+ 30. Rxe1 Rxe1+ 31. Bxe1 g4 32. hxg4 fxg4
33. Bf2 gxf3 34. gxf3 a6 35. Kh2 Ne2 36. Kh3 Kf7 37. Kg4 Kg6 38. Be3 h5+ 39.
Kh4 Nc3 40. f4 Nb5 41. f5+ Kxf5 42. Kxh5 Nxa3 43. Bc5 Nb5 44. Bb6 Nd6 45. Kh4
Ne4 46. Bd8 Ke6 47. Kg4 Ke5 48. Bb6 Nf6+ 49. Kg3 Nd7 50. Bf2 Kd6 51. Bd4 Kc7
52. Kf2 Ba2 53. Ke3 Kd6 54. Kd3 Kd5 55. Kc3 Nf8 56. Be3 Ne6 57. Kb2 Bc4 58. Nb7
Kc6 59. Nc5 Nc7 60. Nb3 Bxb3 61. Kxb3 Kb5 62. Bg5 a5 63. Ka3 Nd5 64. Bh6 a4 65.
Bg7 Ne3 66. Bf8 Nc4+ 67. Ka2 Kc6 68. Kb1 Kb5 69. Kc2 Ne3+ 70. Kb2 1/2-1/2

[Event "Ch (team) (2 league)"]
[Site "Skopje (Macedonia)"]
[Date "2011.05.21"]
[Round "6"]
[White "Imeri, Nazmedin"]
[Black "Temkov, Blagoja"]
[Result "1-0"]
[WhiteElo "1904"]
[BlackElo "1952"]
[PlyCount "76"]
[EventDate "2011.??.??"]
[EventCountry "MKD"]
[SourceTitle "OM OTB B 201907"]
[Source "Opening Master"]
[SourceDate "2019.07.06"]
[SourceVersion "2"]
[SourceVersionDate "2019.07.06"]
[SourceQuality "1"]

1. e4 e5 2. Nf3 Nc6 3. c3 g6 4. Be2 Bg7 5. d4 d6 6. d5 Nce7 7. O-O Bg4 8. Bg5
f6 9. Be3 Bxf3 10. Bxf3 f5 11. Qb3 Qc8 12. exf5 gxf5 13. Bh5+ Kf8 14. Bg5 Bf6
15. Bd2 b6 16. c4 Ng6 17. Nc3 Qd7 18. Qc2 Bg7 19. h3 Nf6 20. Be2 Rg8 21. f4 e4
22. Be3 Bh6 23. Kh2 Qg7 24. g4 Nh4 25. g5 Nd7 26. Rg1 Ne5 27. fxe5 Qxe5+ 28.
Kh1 Bg7 29. Rgf1 Ke7 30. Qd2 Raf8 31. Nb5 Kd8 32. Bd4 Qe8 33. Nxa7 e3 34. Qxe3
Bxd4 35. Nc6+ Kd7 36. Qxd4 Qxe2 37. Qxh4 Rg7 38. Rf2 Qe3 1-0

[Event "SRB-Cup"]
[Site "Valjevo"]
[Date "2011.05.20"]
[Round "5.4"]
[White "Todic, Zoran"]
[Black "Djosic, Slavoljub"]
[Result "1-0"]
[WhiteElo "2228"]
[BlackElo "2242"]
[PlyCount "59"]
[EventDate "2011.05.16"]
[EventType "team-swiss"]
[EventRounds "7"]
[EventCountry "YUG"]
[SourceTitle "CBM 142 Extra"]
[Source "ChessBase"]
[SourceDate "2011.06.27"]
[SourceVersion "1"]
[SourceVersionDate "2011.06.27"]
[SourceQuality "1"]
[WhiteTeam "Belgrade Bogoslov"]
[BlackTeam "Novi Sad PTT"]
[WhiteTeamCountry "SRB"]
[BlackTeamCountry "SRB"]

1. e4 e5 2. Nf3 Nc6 3. c3 Nge7 4. d4 exd4 5. cxd4 d5 6. e5 Bg4 7. Nc3 Bxf3 8.
gxf3 Nf5 9. Bb5 Be7 10. Qd3 g6 11. Be3 O-O 12. Bxc6 bxc6 13. O-O-O Rb8 14. Rdg1
Kh8 15. Ne2 Qc8 16. h4 Qb7 17. b3 a5 18. h5 a4 19. hxg6 fxg6 20. Nf4 Ba3+ 21.
Kc2 axb3+ 22. axb3 Ne7 23. Ra1 Kg8 24. Rxa3 c5 25. dxc5 Ra8 26. Rha1 Rxa3 27.
Rxa3 c6 28. Ne6 Rb8 29. Bd2 Qd7 30. Nd4 1-0

[Event "Fast Ladder"]
[Site "http://gameknot.com/chess.pl?"]
[Date "2011.05.20"]
[Round "?"]
[White "Oregonchessguy"]
[Black "Aboveoeuf"]
[Result "0-1"]
[WhiteElo "2133"]
[BlackElo "2315"]
[PlyCount "32"]
[EventDate "2011.??.??"]
[SourceTitle "OM Portal C 201906"]
[Source "Opening Master"]
[SourceDate "2019.06.27"]
[SourceVersion "1"]
[SourceVersionDate "2019.06.27"]
[SourceQuality "1"]

1. e4 e5 2. Nf3 Nc6 3. c3 d5 4. Qa4 Nf6 5. Nxe5 Bd6 6. Nxc6 bxc6 7. d3 O-O 8.
Be2 Qe7 9. Nd2 Bg4 10. f3 Bd7 11. O-O Nh5 12. g3 Bxg3 13. hxg3 Nxg3 14. Re1 Qg5
15. Bf1 Nh5+ 16. Kf2 Nf4 0-1

[Event "Barcelona ASPE op 1st"]
[Site "Barcelona"]
[Date "2011.05.17"]
[Round "7"]
[White "Exposito Amaro, Josue"]
[Black "Ayza Leon, David"]
[Result "1-0"]
[WhiteElo "2260"]
[BlackElo "2189"]
[PlyCount "125"]
[EventDate "2011.04.05"]
[EventType "swiss"]
[EventRounds "9"]
[EventCountry "ESP"]
[SourceTitle "CBM 142 Extra"]
[Source "ChessBase"]
[SourceDate "2011.06.27"]
[SourceVersion "1"]
[SourceVersionDate "2011.06.27"]
[SourceQuality "1"]

1. e4 e5 2. Nf3 Nc6 3. c3 Nf6 4. d4 Nxe4 5. d5 Ne7 6. Nxe5 Ng6 7. Qd4 Qf6 8.
Qxe4 Qxe5 9. Qxe5+ Nxe5 10. Nd2 Bc5 11. b4 Be7 12. Bb2 d6 13. Nc4 Ng6 14. g3
Bf5 15. Bg2 O-O 16. Ne3 Bd7 17. f4 Bf6 18. O-O-O a5 19. a3 Rfe8 20. Rde1 Ne7
21. c4 Bxb2+ 22. Kxb2 axb4 23. axb4 Ra4 24. Kb3 Rea8 25. Nc2 Kf8 26. Ra1 Nf5
27. Kb2 Rxa1 28. Rxa1 Rxa1 29. Kxa1 Ba4 30. Na3 Ne3 31. Bf3 Bd7 32. Be2 Ke7 33.
Kb2 Bg4 34. Bd3 h5 35. Kc3 Bh3 36. Be2 Ng4 37. Bxg4 Bxg4 38. Kd4 Bf5 39. c5 f6
40. Nc4 Bd7 41. Na5 Bc8 42. Kc4 dxc5 43. bxc5 b6 44. Nc6+ Kd7 45. Nb8+ Kd8 46.
Nc6+ Kd7 47. Nd4 Ke7 48. Kb5 g6 49. Nc6+ Kd7 50. Na7 bxc5 51. Nxc8 c4 52. Kxc4
Kxc8 53. Kc5 Kd7 54. h3 g5 55. f5 h4 56. g4 Kc8 57. Kc6 Kd8 58. d6 Kc8 59. Kd5
c5 60. Kxc5 Kd8 61. Kd4 Kc8 62. Kd5 Kd8 63. Kc5 1-0